Normal view
MARC view
- الأدب العربي - القصة القصيرة - مؤتمرات - الأردن
Entry Topical Term
001 - CONTROL NUMBER
- control field: 50045
003 - CONTROL NUMBER IDENTIFIER
- control field: JO-AjAnu
005 - DATE AND TIME OF LATEST TRANSACTION
- control field: 20230606082237.0
008 - FIXED-LENGTH DATA ELEMENTS
- fixed length control field: 230606|| aca||aabn | a|a d
040 ## - CATALOGING SOURCE
- Original cataloging agency: JO-AjAnu
- Transcribing agency: JO-AjAnu
150 ## - HEADING--TOPICAL TERM
- Topical term or geographic name entry element: الأدب العربي - القصة القصيرة - مؤتمرات - الأردن
670 ## - SOURCE DATA FOUND
- Source citation: Work cat.: (JO-AjAnu)25587: تحرير ومراجعة عبدالخالق، غسان إسماعيل, author 50044, القصة القصيرة في الوقت الراهن: أعمال مؤتمر جمعية النقاد الأردنيين الخامس 16-18 آب